000 01021cam a22003251 4500
001 sa 65004877
003 DLC
005 20260227112133.0
008 910117m19601964ii 000 0 sano
010 _asa 65004877
035 _a(OCoLC)22976492
040 _aDLC
_cWaU
_dDLC
042 _apremarc
050 0 0 _aR127.2
_b.V34
100 0 _aVāgbhaṭa,
_dactive 7th century.
245 1 0 _aŚrīvāgbhaṭaviracitaṃ Aṣtāṅgahr̥dayam: Cikitsitasthānam.
260 _c1960-64.
300 _a2 v. in 1 (ii, 511 p.)
_c24 cm.
440 0 _aSri Ravi Varma Sanskrit series,
_v9
500 _aCover title in English: Ashtarangahridayam.
500 _aIn Sanskrit; pref. in English.
650 0 _aMedicine, Ayurvedic.
700 1 _aIndu, Śaśilekhā.
700 2 _aAchyutha Poduval, K.
700 2 _aRaman Nambiar, C. K.
700 0 _aAruṇadatta,
_dactive 12th century.
_tSarvāṅgasundarī.
740 0 _aAṣṭāṅgaḥr̥dayam.
740 0 _aAshtangahridayam.
740 0 _aCikitsitasthānam.
999 _c63980
_d63980